Vineet Nayyar Learning Resource Centre

Bhu: From Inception to Crisis (1915–65) (Record no. 18875)

MARC details
000 -LEADER
fixed length control field 00244nam a2200097 i 4500
020 ## - INTERNATIONAL STANDARD BOOK NUMBER
ISBN 9789365472189
100 ## - MAIN ENTRY--AUTHOR NAME
Personal name Dey, Saumya
245 ## - TITLE STATEMENT
Title Bhu: From Inception to Crisis (1915–65)
260 ## - PUBLICATION, DISTRIBUTION, ETC. (IMPRINT)
Place of publication India
Name of publisher Blue Bird India Ltd
Year of publication 2022
082 ## - DEWEY DECIMAL CLASSIFICATION NUMBER
Classification number 720 DEY
Holdings
Collection code Home library Current library Shelving location Date acquired Source of acquisition Cost, normal purchase price Full call number Accession Number Koha item type
Architecture Mahindra University VNLRC Mahindra University VNLRC General Stacks 10/04/2026 SBH 599.00 720 DEY A0211 Reference